000 00349nam a2200145 i 4500
001 bg
100 1 _aBASEDOW, Ludwig
245 0 _aLandwirtschaftliche Bauten :
_bBauten der Landtechnik /
_cL. Basedow.
260 _aBerlin,
_c1969.
040 _cBPK
041 _apol
080 _a631.2
942 _cKS
008 s pl f |000 0 pol
999 _c9049
_d9049
856 _uhttp://koha.tu.koszalin.pl/cgi-bin/koha/opac-detail.pl?biblionumber=9049
_yKatalog online BPK